| 000 | 00630nam a2200181 i 4500 | ||
|---|---|---|---|
| 001 | 144055 | ||
| 003 | ES-MaACL | ||
| 005 | 20230906200932.0 | ||
| 007 | t| | ||
| 008 | 070214s1945 sp af |||| |bspa d | ||
| 100 | 1 |
_aSimonds, William Adams. _9106564 |
|
| 245 | 1 | 0 |
_aEdison _b: su vida, su obra, su genio / _cWilliam Adams Simonds ; [traducción, prólogo y notas de Luis Echevarría]. |
| 260 |
_aMadrid : _bEd. y Publicaciones Españolas, _c1945 ( _fGráf. Ultra) |
||
| 300 |
_a322 p., 11 lám. : _bil. ; _c22 cm. |
||
| 600 | 1 | 4 |
_aEdison, Thomas A. _9154955 |
| 700 | 1 |
_aEchavarría, Luis. _946510 |
|
| 852 |
_aES-MaACL _jB-10419 |
||
| 999 |
_c144055 _d144055 |
||